000 00334nam a22001457a 4500
008 230210b ||||| |||| 00| 0 eng d
020 _a9780133923001
041 _aeng
080 _2ELEVENTH EDITION
_a573
082 _a573AUD
100 _a12
101 _aBIOLO
245 _aBIOLOGY LIFE ON EARTH
_cAUDESIRK T
942 _2udc
_cBK
999 _c59349
_d59349